| 000 | 00920nam a22003017a 4500 | ||
|---|---|---|---|
| 001 | 8289 | ||
| 003 | FISKH | ||
| 005 | 20260304094713.0 | ||
| 008 | 250908b cb ||||| |||| 00| 0 eng d | ||
| 020 | _a9780590331265 | ||
| 040 |
_aFISKH _beng _cFISKH _dFISKH |
||
| 050 | _aPZ7.H4364 C | ||
| 082 | _a813.54 | ||
| 100 |
_aHesse, Karen _d(1952-) |
||
| 245 |
_aCome on, rain! / _cBy Karen Hesse ; Pictures by Jon J.Muth |
||
| 250 | _aThis edition first published in 2000 | ||
| 260 |
_aNew York : _bScholastic, _c1999 |
||
| 300 |
_a28 unnumbered pages : _bcolor illustrations ; _c23 cm |
||
| 505 | _aR | ||
| 520 | _aA young girl eagerly awaits a coming rainstorm to bring relief from the oppressive summer heat. | ||
| 521 | 8 |
_a660
_bLexile |
|
| 521 | 8 |
_aR
_bRaz-Plus |
|
| 650 |
_2Weather _aSummer |
||
| 650 |
_2Rhythm _aRain |
||
| 700 |
_aJ.Muth, Jon _dillustrator |
||
| 942 |
_2ddc _cBK _n0 |
||
| 999 |
_c8289 _d8289 |
||